The growth of the law
محفوظ في:
| المؤلف الرئيسي: | |
|---|---|
| التنسيق: | كتاب |
| منشور في: |
New Delhi:
Universal law publishing,
c2005.
|
| الموضوعات: | |
| الوسوم: |
إضافة وسم
لا توجد وسوم, كن أول من يضع وسما على هذه التسجيلة!
|
MARC
| LEADER | 00000cam a22000001 4500 | ||
|---|---|---|---|
| 005 | 20251006080724.0 | ||
| 020 | |a 8175342897 |c TZS 3516/= | ||
| 040 | |a MCCL |b eng. |e AACR 2nd rev. ed. | ||
| 082 | |a 347 CAR | ||
| 100 | 1 | |a Cardozo, Benjamin N. | |
| 245 | 1 | 0 | |a The growth of the law |c / Benjamin N. Cardozo |
| 260 | |a New Delhi: |b Universal law publishing, |c c2005. | ||
| 300 | |a viii , 145p. : |c 18 cm. | ||
| 546 | |a eng. | ||
| 650 | 0 | |a Law | |
| 700 | |a Cardozo, Benjamin N. | ||
| 942 | |c BK | ||
| 999 | |c 11960 |d 11960 | ||